Nová ekonomická sociológia a štruktúrny kontext trhu
Ekonomická sociológia, vývoj. Základné vymedzenie neoklasického ekonomického prístupu a nového inštitucionalizmu v ekonómii (NIE). Reflexia ekonomického prístupu v sociológii a utváranie novej ekonomickej sociológie. Trh ako ekonomické pole. Charakteristika a význam ekonomického poľa.
Uložené v:
| Hlavný autor: | |
|---|---|
| Médium: | Kapitola |
| Jazyk: | Slovak |
| Predmet: | |
| Tagy: |
Žiadne tagy, Buďte prvý, kto otaguje tento záznam!
|
MARC
| LEADER | 00000naa a2200000 4500 | ||
|---|---|---|---|
| 001 | 0142606 | ||
| 005 | 20231208093356.2 | ||
| 041 | 0 | |a slo | |
| 044 | |a SK | ||
| 245 | 1 | 0 | |a Nová ekonomická sociológia a štruktúrny kontext trhu |c Roman Hofreiter |
| 520 | |a Ekonomická sociológia, vývoj. Základné vymedzenie neoklasického ekonomického prístupu a nového inštitucionalizmu v ekonómii (NIE). Reflexia ekonomického prístupu v sociológii a utváranie novej ekonomickej sociológie. Trh ako ekonomické pole. Charakteristika a význam ekonomického poľa. | ||
| 610 | 2 | 0 | |a sociológia |
| 610 | 2 | 0 | |a ekonómia |
| 610 | 2 | 0 | |a neoklasicizmus |
| 610 | 2 | 0 | |a inštitucionalizmus |
| 610 | 2 | 0 | |a trh |
| 100 | 1 | |a Hofreiter, Roman | |